000 00372nam a22001457a 4500
008 250313b |||||||| |||| 00| 0 eng d
020 _a9781450470450470438
050 _aQP301
_b.M67
100 _aMorrow James R.
245 _aMeasurements and Evaluation in Human Performance
250 _a5th
260 _aUSA
_bHuman Kinetics
_c2016
300 _axv,463p
942 _cBK
999 _c2289
_d2289